Cerámica en Penco: industria y sociedad, 1888-1962
Guardat en:
| Autor principal: | |
|---|---|
| Format: | Llibre |
| Idioma: | espanyol |
| Publicat: |
Concepción
Archivo Histórico de Concepción
2018
|
| Edició: | 2a. ed |
| Matèries: | |
| Etiquetes: |
Afegir etiqueta
Sense etiquetes, Sigues el primer a etiquetar aquest registre!
|
MARC
| LEADER | 00000cam a2200000 a 4500 | ||
|---|---|---|---|
| 001 | UCC6940 | ||
| 003 | CL-VaPUC | ||
| 008 | 190118e20180000cl |||||||||||||||||spa|d | ||
| 020 | |a 9789567080052 | ||
| 082 | 0 | 4 | |a 983.39 |b MAR |2 21 |
| 100 | |a Márquez Ochoa, Boris Daniel |e autor |9 601470 | ||
| 245 | 1 | 0 | |a Cerámica en Penco: industria y sociedad, 1888-1962 |
| 250 | |a 2a. ed | ||
| 300 | |a 118 p | ||
| 942 | |c BK | ||
| 945 | |d 20190118 13:18:00 |a dcastane | ||
| 260 | |a Concepción |b Archivo Histórico de Concepción |c 2018 | ||
| 650 | 0 | |a Historia de Concepción |y Siglo 19 |z Chile |9 545752 | |
| 650 | 0 | |a ceramica |9 262882 | |
| 650 | 0 | |a Artesanos |9 269213 | |
| 650 | 0 | |a Historia de ciudades |9 445863 | |
| 651 | 0 | |a Concepción |9 254982 | |
| 583 | |a last modification |c 20190118 13:18:00 |k Rodrigo Vera | ||
| 999 | |c 373758 |d 373756 | ||
| 952 | |0 0 |1 0 |3 erb |4 0 |6 983_390000000000000_MAR_2018 |7 0 |8 A |9 491987 |a BIBHIS |b BIBHIS |i 5531101 |o 983.39 MAR 2018 |p 5531101 |r 2025-01-20 |w 2019-11-24 |y BK |z Catalogado en:20190118 |k HIS | ||